Diagnostika podniku, controlling a logistika zborník príspevkov zo VI. medzinárodnej vedeckej konferencie, Žilina, 12. – 13. apríl 2012
Gespeichert in:
| Körperschaft: | |
|---|---|
| Weitere Verfasser: | |
| Format: | Buch |
| Sprache: | Slowakisch Englisch Polnisch |
| Veröffentlicht: |
Žilina
EDIS - vydavateľstvo Žilinskej univerzity
2012
|
| Schlagworte: | |
| Tags: |
Keine Tags, Fügen Sie das erste Tag hinzu!
|
MARC
| LEADER | 00000nlm a2200000 4500 | ||
|---|---|---|---|
| 001 | 0151024 | ||
| 005 | 20240109073331.6 | ||
| 020 | |a 978-80-554-0502-5 | ||
| 041 | 0 | |a slo | |
| 041 | 0 | |a eng | |
| 041 | 0 | |a pol | |
| 044 | |a SK | ||
| 245 | 1 | 0 | |a Diagnostika podniku, controlling a logistika |b zborník príspevkov zo VI. medzinárodnej vedeckej konferencie, Žilina, 12. – 13. apríl 2012 |c zostavovateľka Tatiana Čorejová |
| 264 | 1 | |a Žilina |b EDIS - vydavateľstvo Žilinskej univerzity |c 2012 | |
| 300 | |a CD-ROM [502 s.] | ||
| 500 | |a Tiráž v obsahu CD-ROMu má uvedené ISBN 978-80-554-0175-1 zborníka príspevkov z V. Medzinárodnej vedeckej konferencie "Diagnostika podniku, controlling a logistika", konanej v Žiline 21. - 22. 4. 2010. | ||
| 610 | 2 | 0 | |a diagnostika podniková |
| 610 | 2 | 0 | |a kontroling podnikový |
| 610 | 2 | 0 | |a logistika podniková |
| 700 | 1 | |a Čorejová, Tatiana | |
| 110 | 2 | |a Diagnostika podniku, controlling a logistika. Medzinárodná vedecká konferencia | |